00732nam a2200169Ia 450000500170000000800410001702000180005808200130007610000190008924500550010826000240016330000180018750002380020594200060044395200980044999900150054720240604045359.0240331s9999 xx 000 0 und d a9789555801140 bSARa363 aSarvananthan,M 0aPeople's verdict on tsunami recoverry in Sri Lanka aColombobICESc2007 axxiii,146 p., aThis is an empirical research study based on a questionnaire based survey of 3000 tsunami affected households in the East, North, and South of Sri Lanka, incorporating 1000 household in each region, and secondary data and literature. cL 001040708LaWERCLbWERCLcSSCd2024-03-31l0o 363.34 SARp6577r2024-03-31w2024-03-31yL c4977d4977